| 000 | 01689nam a2200337 c 4500 | ||
|---|---|---|---|
| 003 | BLK | ||
| 005 | 20180727121008.0 | ||
| 008 | 180409b bul|||||r ||||||| ||bul|| | ||
| 010 | _aKNG00140506000 | ||
| 040 | _aBLK | ||
| 041 |
_aBUL _cBUL |
||
| 080 |
_aБългарска литература _b821.163.2 _x-32 _z821.163.2-32 |
||
| 080 |
_aБългарска литература _b821.163.2 _x-992 _z821.163.2-992 |
||
| 100 | 1 |
_aВазов, Иван Минчов _eпърви автор _9363396 |
|
| 700 | 1 |
_aВасилев, Михаил Иванов _eпредг., състав. и прил. _9364748 |
|
| 139 |
_aВазов, Иван Минчов _bВ 15 |
||
| 245 | 1 | 0 |
_aРазкази _cИван Минчов Вазов; предг., състав. и прил. Михаил Иванов Василев. |
| 245 | 1 | 0 |
_aПътеписи _b _c |
| 250 | _a17. изд. | ||
| 257 | _aBGR | ||
| 260 |
_аСофия _bБълг. писател _c1987 _fВраца : В. Александров |
||
| 300 |
_a303 с. _c20 см |
||
| 380 | _aX | ||
| 490 | 1 | _aБиблиотека за ученика | |
| 500 | _a1. изд. 1960 със загл. Избрани разкази. - В кн. означено 6. изд. - 102 108 тир. - Съдържа и Вазов за някои свои разкази ; Из бълг. критика за разказите на Иван Вазов ; Речник ; Библиогр. справка. | ||
| 852 | _aЦб 147163 | ||
| 856 | 4 |
_qpdf _u |
|
| 856 | 4 |
_qpdf _u |
|
| 942 |
_cKNG _n0 _02 |
||
| 944 |
_aCR _c08.03.2013 _l08.03.2013 - от С1,Р / 08.03.2013 _kЕлица_Владова |
||
| 944 |
_aED _c19.09.2017 _l08.03.2013 - от С1,Р / 08.03.2013 _kНаталия_Любомирова |
||
| 999 |
_c134592 _d134592 |
||